000 00427nam a2200169Ia 4500
003 GCL
008 140319s9999 xx 000 0 eng d
040 _aGCL /
_cGCL
082 0 4 _a5980883
_bS G
100 1 _aBARCLAY-SMITH, PHYLLIS
245 1 0 _aGARDEN BIRDS /
_cBARCLAY-SMITH, PHYLLIS
260 _a[S.N] :
_bTHE KING PENGUIN BOOKS ،
_c1945
300 _a20 P
650 0 4 _aBIRDS
650 0 4 _aSPARROWS
942 _2ddc
_cBK
999 _c15303
_d15303